Short Practice of Surgery / (Record no. 35612)

MARC details
000 -LEADER
fixed length control field 00459nam a22001697a 4500
005 - DATE AND TIME OF LATEST TRANSACTION
control field 20240429085816.0
008 - FIXED-LENGTH DATA ELEMENTS--GENERAL INFORMATION
fixed length control field 240429b |||||||| |||| 00| 0 eng d
082 ## - DEWEY DECIMAL CLASSIFICATION NUMBER
Classification number 617.76
Item number RAI-B
100 ## - MAIN ENTRY--AUTHOR
Author Name Rains Harding A.J
245 ## - TITLE STATEMENT
Title Short Practice of Surgery /
Statement of responsibility, etc. A.J Harding Rains
250 ## - EDITION STATEMENT
Edition statement 20th ed.
260 ## - PUBLICATION, DISTRIBUTION, ETC.
Place of Publication London :
Name of publisher, distributor, etc. Lewis & co;
Date of publication, distribution, etc. 1988.
300 ## - PHYSICAL DESCRIPTION
Pages xi,1406p.
500 ## - GENERAL NOTE
General note include index.
650 ## - SUBJECT ADDED ENTRY--TOPICAL TERM
Subject / Department Medical / Surgery
300 ## - PHYSICAL DESCRIPTION
-- ill,
-- 24cm.
952 ## - LOCATION AND ITEM INFORMATION (KOHA)
-- 0
-- 0
Holdings
Lost status Damaged status Collection code Permanent Location Current Location Shelving Location Date acquired Full Call Number Accession No./Barcode Date last seen item type Koha item type
    Medical Superior Information Resource Center (SIRC) Superior University- Central Library Superior Information Resource Center (SIRC) Superior University- Central Library Surgery 04/29/2024 617.076 RAI-S 1988 4907 04/29/2024 BOOK BOOK

Powered by Koha